000 01544nam a2200409 i 4500
001 42761
003 KOSZ 005
005 20221222142105.0
008 021010s2002 pl f |000 0 pol d
040 _cKOSZ 005
_aKOSZ 005
_dKOSZ 005/HR
041 0 _apol
_beng
046 _k2002
080 _a338.48(438)
080 _a339.13
080 _a659
245 0 0 _aKreowanie wizerunku turystycznego regionów, gmin i miast :
_bpraca zbiorowa /
_cpod red. Aleksandra Szwichtenberga ; Politechnika Koszalińska.
260 _aKoszalin :
_bWydawnictwo Uczelniane PK,
_c2003.
300 _a347 s. :
_bwykr. ;
_c24 cm.
336 _2rdacontent
_aTekst
_btxt
337 _2rdamedia
_aBez urządzenia pośredniczącego
_bn
338 _2rdacarrier
_aWolumin
_bnc
380 _aKsiążki
388 _a2001-
490 1 _aZeszyty Naukowe Wydziału Ekonomii i Zarządzania,
_x1640-601X ;
_vnr 9
500 _aStreszcz. ang. po art.
504 _aBibliogr. po art.
650 7 _aMarketing regionalny
650 7 _aTurystyka
650 7 _aWizerunek miasta
650 7 _aWizerunek regionu
658 _aZarządzanie i marketing
700 1 _aSzwichtenberg, Aleksander
_d(1947- )
_eRedakcja
710 0 _aWydawnictwo Uczelniane (Politechnika Koszalińska)
_4pbl.
830 0 _aZeszyty Naukowe Wydziału Ekonomii i Zarządzania - Politechnika Koszalińska
856 _uhttp://koha.tu.koszalin.pl/cgi-bin/koha/opac-detail.pl?biblionumber=42761
_yKatalog online BPK
942 _cKS
_2UKD
999 _c42761
_d42761